Представление документа в формате RUSMARC

ПолеНазваниеЗначение
  Тип записи a
  Библиографический уровень m
001 Контрольный номер RU/SLIB/B/208736262
005 Дата корректировки 20201206204039.8
010 Индекс ISBN __
d Цена 0-15
101 Язык документа __
a Язык текста rus
200 Заглавие и сведения об ответственности __
a Заглавие На местности и по карте
f Первые сведения об ответственности Куприн А. М.
b Общее обозначение материала Текст
210 Выходные данные __
a Место издания М.
c Издательство Недра
d Дата издания 1982
215 Физическое описание __
a Объем 112 с.
c Иллюстрации/тип воспроизводства ил.
606 Тематические рубрики __
a Основная рубрика Геодезия
606 Тематические рубрики __
a Основная рубрика Топография в целом
610 Ключевые слова __
a Ключевые слова ориентирование на местности
686 Индексы других классификаций __
a Классификационный индекс 26.12; ст26.1
700 Автор __
a Фамилия Куприн
b Имя А. М.
4 Код отношения 070
801 Источник записи _0
a Страна RU
b Организация Муниципальное бюджетное учреждение культуры "Централизованная библиотечная система" г. Сургут (Центральная городская библиотека им. А. С. Пушкина)
g Правила каталогизации КиК/Михайлова
801 Источник записи _1
a Страна RU
b Организация Муниципальное бюджетное учреждение культуры "Централизованная библиотечная система" г. Сургут (Центральная городская библиотека им. А. С. Пушкина)
g Правила каталогизации КиК/Михайлова
852 Данные о местонахождении __
j Шифр хранения 26.12
c Каталожный индекс 26.12
i Авторский знак К 92
p Инвентарный номер 11861
901 Тип документа __
t Тип документа m
990 Данные о заказе (DOS) __
j Количество экземпляров (DOS) 1